| 000 | 00914nam a22001937a 4500 | ||
|---|---|---|---|
| 003 | 0 | ||
| 005 | 20241119135949.0 | ||
| 008 | 241119b xxu||||| |||| 00| 0 eng d | ||
| 020 | _a9781032286365 | ||
| 050 |
_aHF 5548.8 _b.Or74 2024 |
||
| 245 |
_aOrganisational psychology : _ban essential guide / _cdited by Julia Yates, Lara Zibarras and Lynsey Mahmood. |
||
| 260 |
_aNew York, NY : _bRoutledge, _cc2024. |
||
| 300 |
_axv, 250 p. ; _c25 cm. |
||
| 504 | _aIncludes bibliographical references and index. | ||
| 520 | _a"Organisational Psychology offers an accessible, engaging and practical introduction to this fascinating discipline. It explores the latest thinking, reveals surprising truths about the way we work, and explains how to craft a successful and fulfilling career in the field"--Provided by publisher. | ||
| 650 | _aPsychology, Industrial. | ||
| 650 | _aOrganizational behavior. | ||
| 942 |
_2lcc _cBK |
||
| 999 |
_c366769 _d366769 |
||